000 00388nam a2200145 i 4500
001 bg
245 0 _aFiziceskie problemy zascity reaktorov /
_cPerev. s angl. A. A. Abagjana [i in.].
260 _aMoskwa :
_bAtomizdat,
_c1971.
300 _as. 486 :
_bilustr., tabl.
040 _cBPK
041 _apol
080 _a621.039.58
942 _cKS
008 s pl f |000 0 pol
999 _c9171
_d9171
856 _uhttp://koha.tu.koszalin.pl/cgi-bin/koha/opac-detail.pl?biblionumber=9171
_yKatalog online BPK